1930 1580 1555 1853 1814 1596 1657 1435 1475 1181 1667 1859 1839 1271 1053 1976 1858 1345 1092 1209 1864 1409 1107 1134 1928 1722 1738 1687 1148 1833 1704 1184 1363 1974 1729 1361 1988 1112 1613 1678 1562 1135 1981 1876 1782 1330 1517 1045 1044 1335 1201 1365 1465 1285 1724 1620 1363 1585 1579 1472 1169 1845 1317 1566 1909 1134 1597 1300 1977 1141 1548 1986 1517 1254 1030 1455 1529 1886 1189 1207 1353 1209 1842 1011 1094 1519 1914 1553 1073 1525 1534 1303 1280 1910 1641 1568 1459 1943 1286 BCNSPRNW ULIB Ver.6.0+V

เปลี่ยนเป็นภาษาไทย

Change to English
 แสดงรายละเอียดบรรณานุกรม
  กลับหน้าหลัก

Brief Record : Get Marc (ISO 2709) : E-mail record : QR code < ปิดหน้าต่าง
LEADER : 00000nam 2200000uu 4500
001    13399112336
003     ULIB
008    110425s2543||||th 000 0 tha d
020    97429378
060 04 QZ40^bว790พ 2543
100 0  วิสิทธิ์ อวิรุทร์นันท์
245 10 พยาธิวิทยาระบบประสาท /^cวิสิทธิ์ อวิรุทร์นันท์
250    พิมพ์ครั้งที่ 1
260    นนทบุรี :^bโครงการสวัสดิการวิชาการ สถาบันพระบรมราชชนก,^c2543
300    154 หน้า
650  7 ประสาท^xพยาธิวิทยา
945    ^p0^l0^i012903
945    ^p0^l0^i012904
945    ^p0^l0^i012905
995    ทศพร
999 ^a ใช้งานได้ทุกระบบ
รายการนี้ยังไม่มีแท็ก
คุณยังไม่ได้ล็อกอิน คุณสามารถมีกิจกรรมร่วมกับเว็บไซต์ได้ แต่ต้องล็อกอินก่อน ::
  ล็อกอิน

รายการสื่อสารสนเทศ

ลำดับที่ ประเภท เลขเรียก/บาร์โค้ด สถานที่ สถานะ
- ไม่พบข้อมูล -

รายการใกล้เคียง
    ผู้แต่ง [วิสิทธิ์ อวิรุทร์นันท์]

BibComment


ยังไม่เคยถูกคอมเมนท์

คอมเมนท์ทรัพยากรรายการนี้
  คอมเมนท์: พยาธิวิทยาระบบประ..


 Copyright 2026. Bcnsprnw @Library